000 00517nam a2200181Ia 4500
003 GCL
008 140319s9999 xx 000 0 eng d
040 _aGCL /
_cGCL
082 0 4 _a320.956
_bI P
100 1 _aISMAEL, TAREK Y.
245 1 0 _aPOLITICS AND GOVERNMENT IN THE MIDDLE EAST AND NORTH AFRICA /
_cISMAEL, TAREK Y.
700 1 _aJAQUELINE
260 _a[S.N] :
_bFLORIDA INTERNATIONAL UNIVERSITY PRESS ،
_c1979
300 _a570 P
650 0 4 _aMIDDLE EAST
650 0 4 _aAFRICA - NORTH
942 _2ddc
_cBK
999 _c17251
_d17251